[Event "Winnipeg TNT May op"]
[Site "Winnipeg CAN"]
[Date "2009.05.19"]
[Round "3"]
[White "Nikouline, Alexandre"]
[Black "Czypinski, Jaroslaw"]
[Result "1-0"]
[WhiteElo "2111"]
[BlackElo "1831"]
[PlyCount "73"]
[GameId "2160767910156935"]
[EventDate "2009.05.05"]
[EventType "swiss"]
[EventRounds "4"]
[EventCountry "CAN"]
[SourceTitle "EXT 2011"]
[Source "ChessBase"]
[SourceDate "2011.11.26"]
[SourceVersion "1"]
[SourceVersionDate "2011.11.26"]
[SourceQuality "1"]

1. e4 d5 2. exd5 Qxd5 3. Nc3 Qd8 4. d4 Nf6 5. Nf3 Bf5 6. Ne5 e6 7. g4 Bg6 8. Bg2 c6 9. h4 Bb4 10. h5 Be4 11. f3 Bd5 12. Bd2 Nbd7 13. Ne4 Bxd2+ 14. Nxd2 Nxe5 15. dxe5 Nxg4 16. Qe2 Qb6 17. fxg4 Bxg2 18. Qxg2 Qxb2 19. O-O Qd4+ 20. Kh1 Qxe5 21. Rab1 Qc7 22. Ne4 Qe7 23. Rxb7 Qh4+ 24. Qh2 Qxh2+ 25. Kxh2 O-O 26. c4 f6 27. Nd6 c5 28. Ne4 Rfd8 29. h6 f5 30. Rxg7+ Kf8 31. gxf5 e5 32. f6 Rab8 33. Nxc5 Rd2+ 34. Kh3 Rbb2 35. Ne6+ Ke8 36. f7+ Kd7 37. f8=Q+ 1-0

[Event "Winnipeg TNT May op"]
[Site "Winnipeg CAN"]
[Date "2009.05.19"]
[Round "3"]
[White "Ott, Richard"]
[Black "Kumaragamage, Shashika"]
[Result "1-0"]
[WhiteElo "1456"]
[BlackElo "1266"]
[PlyCount "69"]
[GameId "2160767910156936"]
[EventDate "2009.05.05"]
[EventType "swiss"]
[EventRounds "4"]
[EventCountry "CAN"]

1. d4 Nf6 2. Nf3 d5 3. Bf4 Bf5 4. e3 e6 5. h3 Bd6 6. Bxd6 Qxd6 7. Nc3 a6 8. g4 Be4 9. Be2 Nbd7 10. g5 Nh5 11. Nxe4 dxe4 12. Nd2 g6 13. Bxh5 gxh5 14. Qxh5 Qe7 15. O-O-O O-O-O 16. Nxe4 f5 17. gxf6 Nxf6 18. Nxf6 Qxf6 19. Qe2 Rhg8 20. Rd3 Rg2 21. Rf1 Qh4 22. Qf3 Rh2 23. e4 Qh6+ 24. Qe3 Qh4 25. Qg3 Qxg3 26. fxg3 Rxh3 27. e5 b6 28. b4 Kb7 29. Rf7 Kc6 30. a4 Kb7 31. Re7 Rg8 32. Rc3 Rgxg3 33. Rexc7+ Kb8 34. Rc8+ Kb7 35. R3c7# 1-0

[Event "Winnipeg TNT May op"]
[Site "Winnipeg CAN"]
[Date "2009.05.19"]
[Round "3"]
[White "Pottinger, Carl"]
[Black "Wasserman, Leor"]
[Result "0-1"]
[WhiteElo "1806"]
[BlackElo "1566"]
[PlyCount "56"]
[GameId "2160767910156937"]
[EventDate "2009.05.05"]
[EventType "swiss"]
[EventRounds "4"]
[EventCountry "CAN"]
[SourceTitle "EXT 2011"]
[Source "ChessBase"]
[SourceDate "2011.11.26"]
[SourceVersion "1"]
[SourceVersionDate "2011.11.26"]
[SourceQuality "1"]

1. c4 c5 2. g3 Nc6 3. Bg2 e6 4. Nc3 Nf6 5. e4 Be7 6. Nge2 Qc7 7. O-O O-O 8. d3 a6 9. b3 b6 10. Bb2 Bb7 11. f4 e5 12. fxe5 Nxe5 13. Qd2 Rac8 14. Nf4 d6 15. Nfd5 Nxd5 16. exd5 h6 17. d4 Bg5 18. Qd1 cxd4 19. Qxd4 Qc5 20. Ne4 Be3+ 21. Rf2 Qxd4 22. Bxd4 Bxd4 23. Rd1 Bxf2+ 24. Kxf2 Rcd8 25. Ke3 Rfe8 26. Kd4 Bc8 27. Re1 Ng4 28. h3 Nf2 0-1

[Event "Winnipeg TNT May op"]
[Site "Winnipeg CAN"]
[Date "2009.05.19"]
[Round "3"]
[White "Rutter, Blair"]
[Black "Menard, Trevor"]
[Result "1-0"]
[WhiteElo "1839"]
[BlackElo "1272"]
[PlyCount "45"]
[GameId "2160767910156938"]
[EventDate "2009.05.05"]
[EventType "swiss"]
[EventRounds "4"]
[EventCountry "CAN"]
[SourceTitle "EXT 2011"]
[Source "ChessBase"]
[SourceDate "2011.11.26"]
[SourceVersion "1"]
[SourceVersionDate "2011.11.26"]
[SourceQuality "1"]

1. c4 c5 2. g3 Nc6 3. Bg2 e6 4. e4 Nd4 5. Nc3 Ne7 6. d3 g6 7. Bg5 Qa5 8. Nge2 b5 9. cxb5 Nxb5 10. O-O Nc6 11. Bf6 Rg8 12. Qc1 Ba6 13. Rd1 d6 14. a3 Be7 15. e5 Qc7 16. Bxe7 Kxe7 17. Qg5+ Kd7 18. Ne4 Rgd8 19. a4 Nbd4 20. Nxd4 cxd4 21. Rac1 Rab8 22. Nf6+ Kc8 23. Rxc6 1-0

[Event "Winnipeg TNT May op"]
[Site "Winnipeg CAN"]
[Date "2009.05.19"]
[Round "3"]
[White "Schulz, Waldemar"]
[Black "Lipic, Stephen"]
[Result "1-0"]
[WhiteElo "2059"]
[BlackElo "1698"]
[PlyCount "57"]
[GameId "2160767910156939"]
[EventDate "2009.05.05"]
[EventType "swiss"]
[EventRounds "4"]
[EventCountry "CAN"]
[SourceTitle "EXT 2011"]
[Source "ChessBase"]
[SourceDate "2011.11.26"]
[SourceVersion "1"]
[SourceVersionDate "2011.11.26"]
[SourceQuality "1"]

1. d4 f5 2. g3 e6 3. Bg2 d5 4. Nf3 Nf6 5. O-O c6 6. c4 Bd6 7. b3 O-O 8. Bb2 Nbd7 9. Nbd2 Ne4 10. Ne5 Qg5 11. Ndf3 Qh5 12. Nxd7 Bxd7 13. Ne5 Be8 14. e3 Qh6 15. Qd3 g5 16. f3 Nf6 17. Rae1 f4 18. exf4 gxf4 19. Bc1 Nd7 20. Bxf4 Rxf4 21. gxf4 Qxf4 22. Qe3 Qf5 23. Ng4 Qf8 24. Qxe6+ Kh8 25. c5 Bf4 26. Re2 Qg7 27. Rd1 Bg6 28. Qe7 Bf5 29. Qxg7+ 1-0

[Event "Winnipeg TNT May op"]
[Site "Winnipeg CAN"]
[Date "2009.05.26"]
[Round "4"]
[White "Campbell, Gary"]
[Black "Rutter, Blair"]
[Result "0-1"]
[WhiteElo "1638"]
[BlackElo "1839"]
[PlyCount "37"]
[GameId "2160767910156942"]
[EventDate "2009.05.05"]
[EventType "swiss"]
[EventRounds "4"]
[EventCountry "CAN"]
[SourceTitle "EXT 2011"]
[Source "ChessBase"]
[SourceDate "2011.11.26"]
[SourceVersion "1"]
[SourceVersionDate "2011.11.26"]
[SourceQuality "1"]

1. d4 f5 2. c4 Nf6 3. Nc3 e6 4. g3 d5 5. cxd5 exd5 6. Bg2 c6 7. Nf3 Bd6 8. O-O O-O 9. a3 Re8 10. Bg5 Nbd7 11. b4 Nf8 12. Qc2 Bd7 13. Bh3 g6 14. e3 Ne6 15. Bh4 Be7 16. Bxf6 Bxf6 17. Ne2 Ng7 18. Nf4 g5 19. Nh5 0-1

[Event "Winnipeg TNT May op"]
[Site "Winnipeg CAN"]
[Date "2009.05.26"]
[Round "4"]
[White "Green, Aaron"]
[Black "Schulz, Waldemar"]
[Result "0-1"]
[WhiteElo "1840"]
[BlackElo "2059"]
[PlyCount "56"]
[GameId "2160767910156943"]
[EventDate "2009.05.05"]
[EventType "swiss"]
[EventRounds "4"]
[EventCountry "CAN"]
[SourceTitle "EXT 2011"]
[Source "ChessBase"]
[SourceDate "2011.11.26"]
[SourceVersion "1"]
[SourceVersionDate "2011.11.26"]
[SourceQuality "1"]

1. e4 c5 2. Nf3 e6 3. d4 cxd4 4. Nxd4 Nf6 5. Nc3 d6 6. Be2 a6 7. O-O Be7 8. Be3 O-O 9. Nb3 Qc7 10. f4 Nc6 11. a3 b5 12. Bf3 Bb7 13. Qe2 Rac8 14. g4 Nd7 15. Qf2 Na5 16. Nxa5 Qxa5 17. g5 Rfe8 18. Kh1 Rc4 19. Rfd1 Qc7 20. Rd3 Nc5 21. Bxc5 Qxc5 22. Qd2 Qb6 23. Rd1 Rec8 24. Kg2 b4 25. axb4 Qxb4 26. Rb1 a5 27. Qc1 d5 28. Ra1 dxe4 0-1

[Event "Winnipeg TNT May op"]
[Site "Winnipeg CAN"]
[Date "2009.05.26"]
[Round "4"]
[White "Greenberg, Harley"]
[Black "Green, Jim"]
[Result "1-0"]
[WhiteElo "1749"]
[BlackElo "1771"]
[PlyCount "23"]
[GameId "2160767910156944"]
[EventDate "2009.05.05"]
[EventType "swiss"]
[EventRounds "4"]
[EventCountry "CAN"]
[SourceTitle "EXT 2011"]
[Source "ChessBase"]
[SourceDate "2011.11.26"]
[SourceVersion "1"]
[SourceVersionDate "2011.11.26"]
[SourceQuality "1"]

1. e4 d6 2. d4 Nf6 3. Nc3 Nbd7 4. f4 e5 5. Nf3 exd4 6. Nxd4 g6 7. Be2 c6 8. Be3 Qc7 9. Qd2 b5 10. Bf3 Bb7 11. O-O-O O-O-O 12. Ncxb5 1-0

[Event "Winnipeg TNT May op"]
[Site "Winnipeg CAN"]
[Date "2009.05.26"]
[Round "4"]
[White "Kernetsky, Myron"]
[Black "Wasserman, Leor"]
[Result "1-0"]
[WhiteElo "1982"]
[BlackElo "1566"]
[PlyCount "37"]
[GameId "2160767910156945"]
[EventDate "2009.05.05"]
[EventType "swiss"]
[EventRounds "4"]
[EventCountry "CAN"]
[SourceTitle "EXT 2011"]
[Source "ChessBase"]
[SourceDate "2011.11.26"]
[SourceVersion "1"]
[SourceVersionDate "2011.11.26"]
[SourceQuality "1"]

1. d4 d5 2. Nf3 Nf6 3. c4 c6 4. Nc3 dxc4 5. a4 Nd5 6. Bd2 Qb6 7. e4 Nxc3 8. Bxc3 Bg4 9. Bxc4 e6 10. h3 Bxf3 11. Qxf3 Bb4 12. O-O O-O 13. a5 Bxa5 14. Rxa5 Rd8 15. Rg5 Kh8 16. Qxf7 Rg8 17. d5 Qd8 18. Bxg7+ Rxg7 19. Qxg7# 1-0

[Event "Winnipeg TNT May op"]
[Site "Winnipeg CAN"]
[Date "2009.05.26"]
[Round "4"]
[White "Kumaragamage, Shashika"]
[Black "Letain, Cory"]
[Result "1/2-1/2"]
[WhiteElo "1266"]
[BlackElo "1586"]
[PlyCount "95"]
[GameId "2160767910156946"]
[EventDate "2009.05.05"]
[EventType "swiss"]
[EventRounds "4"]
[EventCountry "CAN"]

1. d4 d5 2. c4 c6 3. Nf3 Nf6 4. e3 Bf5 5. Nc3 e6 6. Bd3 Bxd3 7. Qxd3 dxc4 8. Qxc4 Nbd7 9. O-O Be7 10. e4 O-O 11. e5 Nd5 12. a3 Nxc3 13. bxc3 c5 14. Be3 cxd4 15. cxd4 Nb6 16. Qb3 Qd5 17. Qd3 Nc4 18. Rfc1 Nxe3 19. Qxe3 Rac8 20. Nd2 Rxc1+ 21. Rxc1 h6 22. Rc7 Bg5 23. f4 Bd8 24. Rc8 Bb6 25. Rxf8+ Kxf8 26. Nb3 a5 27. a4 Qc4 28. g3 Qxa4 29. Qc3 g6 30. Nc5 Qc6 31. Qa3 Bxc5 32. dxc5 a4 33. h4 Kg7 34. Kf2 b5 35. g4 Qh1 36. Kg3 Qe1+ 37. Kh3 b4 38. Qxa4 Qc3+ 39. Kg2 Qxc5 40. Qb3 Qc6+ 41. Kf2 Qe4 42. Kg3 Qe1+ 43. Kg2 Qd2+ 44. Kf3 Qc3+ 45. Qxc3 bxc3 46. Ke3 c2 47. Kd2 c1=Q+ 48. Kxc1 1/2-1/2

[Event "Winnipeg TNT May op"]
[Site "Winnipeg CAN"]
[Date "2009.05.26"]
[Round "4"]
[White "Lipic, Stephen"]
[Black "Green, Leah"]
[Result "1-0"]
[WhiteElo "1698"]
[BlackElo "1287"]
[PlyCount "55"]
[GameId "2160767910156947"]
[EventDate "2009.05.05"]
[EventType "swiss"]
[EventRounds "4"]
[EventCountry "CAN"]
[SourceTitle "EXT 2011"]
[Source "ChessBase"]
[SourceDate "2011.11.26"]
[SourceVersion "1"]
[SourceVersionDate "2011.11.26"]
[SourceQuality "1"]

1. Nf3 Nc6 2. d4 d6 3. b3 e5 4. dxe5 dxe5 5. Qxd8+ Kxd8 6. e4 Nf6 7. Nbd2 Bb4 8. Bc4 Ke7 9. O-O Bg4 10. Ng5 Bh5 11. a3 Bxd2 12. Bxd2 h6 13. Nh3 Nxe4 14. Be3 Rhd8 15. f4 f6 16. Rfe1 Nd6 17. Bc5 b6 18. Bd5 Kd7 19. fxe5 bxc5 20. e6+ Ke7 21. Bxc6 Rab8 22. a4 Rb6 23. Nf4 g6 24. Bd7 Nb7 25. g4 Rb4 26. Nd5+ Kf8 27. Nxb4 cxb4 28. e7+ 1-0

[Event "Winnipeg TNT May op"]
[Site "Winnipeg CAN"]
[Date "2009.05.26"]
[Round "4"]
[White "Menard, Trevor"]
[Black "Keer, Keer"]
[Result "0-1"]
[WhiteElo "1272"]
[BlackElo "1315"]
[PlyCount "96"]
[GameId "2160767910156948"]
[EventDate "2009.05.05"]
[EventType "swiss"]
[EventRounds "4"]
[EventCountry "CAN"]
[SourceTitle "EXT 2011"]
[Source "ChessBase"]
[SourceDate "2011.11.26"]
[SourceVersion "1"]
[SourceVersionDate "2011.11.26"]
[SourceQuality "1"]

1. Nf3 d5 2. c4 Nf6 3. Nc3 e6 4. e3 Be7 5. b3 O-O 6. Bb2 Nc6 7. Qc2 Nb4 8. Qb1 h6 9. a3 Nc6 10. Bd3 d4 11. Nb5 dxe3 12. fxe3 a6 13. Nbd4 Nxd4 14. Nxd4 c5 15. Nf3 b6 16. O-O Bb7 17. Qc2 Qc7 18. Bxf6 Bxf6 19. Rae1 Rfd8 20. e4 Qd7 21. Re3 Bd4 22. Nxd4 cxd4 23. Rg3 e5 24. Qd1 Qe6 25. Qh5 Rf8 26. Be2 Bxe4 27. d3 Bg6 28. Qh4 b5 29. Bg4 Qd6 30. Bf3 Rac8 31. Bb7 Rc7 32. Bd5 bxc4 33. Bxc4 Rfc8 34. Bxa6 Qxa6 35. Qg4 Rc1 36. Rxc1 Rxc1+ 37. Kf2 Qxa3 38. Qe2 Qxb3 39. Qxe5 Qc2+ 40. Kf3 Rf1+ 41. Kg4 Qd1+ 42. Rf3 h5+ 43. Kg3 Rxf3+ 44. gxf3 Qg1+ 45. Kh3 Qf1+ 46. Kg3 Bxd3 47. Qxh5 g6 48. Qd5 Qg1+ 0-1

[Event "Winnipeg TNT May op"]
[Site "Winnipeg CAN"]
[Date "2009.05.26"]
[Round "4"]
[White "Mundwiler, Les"]
[Black "Czypinski, Jaroslaw"]
[Result "1/2-1/2"]
[WhiteElo "2044"]
[BlackElo "1831"]
[PlyCount "106"]
[GameId "2160767910156950"]
[EventDate "2009.05.05"]
[EventType "swiss"]
[EventRounds "4"]
[EventCountry "CAN"]
[SourceTitle "EXT 2011"]
[Source "ChessBase"]
[SourceDate "2011.11.26"]
[SourceVersion "1"]
[SourceVersionDate "2011.11.26"]
[SourceQuality "1"]

1. e4 d5 2. exd5 Nf6 3. Nc3 Nxd5 4. Bc4 Nxc3 5. bxc3 e5 6. d3 Bc5 7. Nf3 Nc6 8. Ng5 Be6 9. Bxe6 fxe6 10. Qh5+ g6 11. Qe2 Qd7 12. Rb1 O-O-O 13. Ne4 Be7 14. Be3 h6 15. f3 Rdf8 16. Qf2 b6 17. O-O g5 18. h3 Qd8 19. Qe2 h5 20. d4 g4 21. Qa6+ Kb8 22. Nc5 Bxc5 23. dxc5 Qc8 24. Qxc8+ Kxc8 25. fxg4 hxg4 26. Rxf8+ Rxf8 27. hxg4 Rg8 28. g5 Ne7 29. cxb6 axb6 30. c4 Nf5 31. Bd2 Nd4 32. c3 Ne2+ 33. Kf2 Nf4 34. Bxf4 exf4 35. Re1 Kd7 36. Re4 Rxg5 37. Rxf4 Ra5 38. g4 Rxa2+ 39. Kg3 e5 40. Rf7+ Kd6 41. g5 Ra1 42. Kf2 Ra2+ 43. Kf3 Ke6 44. g6 Rc2 45. Rxc7 Rxc3+ 46. Ke4 Kd6 47. g7 Rg3 48. Rb7 Kc6 49. Rf7 Kc5 50. Kxe5 Kxc4 51. Rc7+ Kd3 52. Kf6 b5 53. Rc5 Rxg7 1/2-1/2

[Event "Winnipeg TNT May op"]
[Site "Winnipeg CAN"]
[Date "2009.05.26"]
[Round "4"]
[White "Trueman, Francis"]
[Black "Pottinger, Carl"]
[Result "1/2-1/2"]
[WhiteElo "1498"]
[BlackElo "1806"]
[PlyCount "41"]
[GameId "2160767910156951"]
[EventDate "2009.05.05"]
[EventType "swiss"]
[EventRounds "4"]
[EventCountry "CAN"]
[SourceTitle "EXT 2011"]
[Source "ChessBase"]
[SourceDate "2011.11.26"]
[SourceVersion "1"]
[SourceVersionDate "2011.11.26"]
[SourceQuality "1"]

1. Nf3 c5 2. d3 g6 3. g3 Nf6 4. Bg2 Bg7 5. O-O O-O 6. Nbd2 Nc6 7. Re1 d6 8. e4 e5 9. a4 Nh5 10. c3 f5 11. Nf1 f4 12. h4 fxg3 13. fxg3 Bg4 14. Qb3+ Kh8 15. Ng5 Qf6 16. Be3 Rab8 17. Nh2 Bd7 18. Rf1 Qe7 19. Nf7+ Kg8 20. Nh6+ Kh8 21. Nf7+ 1/2-1/2

[Event "Winnipeg TNT May op"]
[Site "Winnipeg CAN"]
[Date "2009.05.26"]
[Round "4"]
[White "Vincent, Trevor"]
[Black "Kaptsan, Aron"]
[Result "1-0"]
[WhiteElo "2228"]
[BlackElo "2084"]
[PlyCount "33"]
[GameId "2160767910156952"]
[EventDate "2009.05.05"]
[EventType "swiss"]
[EventRounds "4"]
[EventCountry "CAN"]
[SourceTitle "EXT 2011"]
[Source "ChessBase"]
[SourceDate "2011.11.26"]
[SourceVersion "1"]
[SourceVersionDate "2011.11.26"]
[SourceQuality "1"]

1. c4 Nf6 2. g3 c6 3. Bg2 d5 4. Nf3 Bf5 5. cxd5 cxd5 6. Qb3 Qc8 7. Nc3 e6 8. d3 Nc6 9. Bf4 Be7 10. O-O O-O 11. Rac1 Qd7 12. e4 dxe4 13. dxe4 Nxe4 14. Nxe4 Bxe4 15. Ne5 Qd5 16. Bxe4 Qxe4 17. Qxb7 1-0

[Event "Winnipeg TNT October op"]
[Site "Winnipeg CAN"]
[Date "2009.10.06"]
[Round "1"]
[White "Dawa, Arvin"]
[Black "Greenberg, Harley"]
[Result "1-0"]
[WhiteElo "2074"]
[BlackElo "1714"]
[PlyCount "61"]
[GameId "2160767910096595"]
[EventDate "2009.10.06"]
[EventType "swiss"]
[EventRounds "4"]
[EventCountry "CAN"]
[SourceTitle "EXT 2011"]
[Source "ChessBase"]
[SourceDate "2011.11.26"]
[SourceVersion "1"]
[SourceVersionDate "2011.11.26"]
[SourceQuality "1"]

1. d4 Nf6 2. Nf3 g6 3. c4 Bg7 4. Nc3 O-O 5. e4 d6 6. Be2 e5 7. dxe5 dxe5 8. Qxd8 Rxd8 9. Bg5 c6 10. O-O Bg4 11. Rfd1 Nbd7 12. Rd6 h6 13. Bxf6 Nxf6 14. Rad1 Rxd6 15. Rxd6 Ne8 16. Rd1 Nc7 17. h3 Be6 18. Na4 b5 19. cxb5 Bxa2 20. bxc6 Bb3 21. Rd7 Ne6 22. Nc3 Nd4 23. Nxd4 exd4 24. Nd5 Ba4 25. Rb7 Be5 26. f4 d3 27. Bxd3 Bd6 28. c7 Kf8 29. e5 Bc6 30. exd6 Bxb7 31. d7 1-0

[Event "Winnipeg TNT October op"]
[Site "Winnipeg CAN"]
[Date "2009.10.06"]
[Round "1"]
[White "Green, Jim"]
[Black "Williams, Eric"]
[Result "1-0"]
[WhiteElo "1781"]
[BlackElo "1485"]
[PlyCount "85"]
[GameId "2160767910096596"]
[EventDate "2009.10.06"]
[EventType "swiss"]
[EventRounds "4"]
[EventCountry "CAN"]
[SourceTitle "EXT 2011"]
[Source "ChessBase"]
[SourceDate "2011.11.26"]
[SourceVersion "1"]
[SourceVersionDate "2011.11.26"]
[SourceQuality "1"]

1. e4 c5 2. Nf3 e6 3. d4 cxd4 4. Nxd4 Nf6 5. Nc3 a6 6. Be2 Nc6 7. Be3 Qc7 8. O-O d6 9. f4 Be7 10. Qd2 e5 11. Nb3 b5 12. a3 O-O 13. f5 Bb7 14. Bg5 Rac8 15. Kh1 Kh8 16. Rad1 Ne8 17. Nd5 Qd8 18. Be3 Nc7 19. Bb6 Qd7 20. Bxc7 Rxc7 21. Nxc7 Qxc7 22. f6 gxf6 23. Rf5 Rg8 24. Rdf1 Nd8 25. Bd3 Ne6 26. R1f2 d5 27. exd5 Bxd5 28. Rh5 Rg7 29. Rxh7+ Rxh7 30. Bxh7 Kxh7 31. Qxd5 Qb6 32. Qe4+ Kg7 33. Qg4+ Kf8 34. Qh4 Ke8 35. Rd2 Qe3 36. Qf2 Qe4 37. Re2 Qc4 38. h3 Nc5 39. Nxc5 Bxc5 40. Qf3 Kf8 41. Rd2 Bb6 42. Qd3 Qc7 43. Qd6+ 1-0

[Event "Winnipeg TNT October op"]
[Site "Winnipeg CAN"]
[Date "2009.10.06"]
[Round "1"]
[White "Kaptsan, Aron"]
[Black "Campbell, Gary"]
[Result "0-1"]
[WhiteElo "1993"]
[BlackElo "1642"]
[PlyCount "80"]
[GameId "2160767910096597"]
[EventDate "2009.10.06"]
[EventType "swiss"]
[EventRounds "4"]
[EventCountry "CAN"]
[SourceTitle "EXT 2011"]
[Source "ChessBase"]
[SourceDate "2011.11.26"]
[SourceVersion "1"]
[SourceVersionDate "2011.11.26"]
[SourceQuality "1"]

1. d4 d5 2. c4 e6 3. Nc3 Nf6 4. Nf3 c6 5. e3 Bd6 6. Bd3 Nbd7 7. O-O O-O 8. e4 dxe4 9. Nxe4 Nxe4 10. Bxe4 e5 11. dxe5 Nxe5 12. Nxe5 Bxe5 13. Bxh7+ Kxh7 14. Qh5+ Kg8 15. Qxe5 Re8 16. Qc3 Bf5 17. Be3 Qc7 18. Bd4 f6 19. Qf3 Qd7 20. Rad1 Bg4 21. Bc3 Qxd1 22. Qxd1 Bxd1 23. Rxd1 Rad8 24. Rc1 Re4 25. b3 Re2 26. a4 Kf7 27. g3 Ra2 28. a5 c5 29. b4 cxb4 30. Bxb4 Rd3 31. c5 Rb3 32. Be1 Rbb2 33. Kg2 Rc2 34. Rd1 Ke6 35. Rd6+ Ke7 36. Rd5 Re2 37. Kf1 Rec2 38. Kg2 Rab2 39. Rf5 Rb5 40. Rh5 Kf7 0-1

[Event "Winnipeg TNT October op"]
[Site "Winnipeg CAN"]
[Date "2009.10.06"]
[Round "1"]
[White "Kumaragamage, Shashika"]
[Black "De Groot, Steven"]
[Result "0-1"]
[WhiteElo "1244"]
[BlackElo "1774"]
[PlyCount "80"]
[GameId "2160767910096598"]
[EventDate "2009.10.06"]
[EventType "swiss"]
[EventRounds "4"]
[EventCountry "CAN"]

1. d4 Nf6 2. c4 g6 3. Nc3 Bg7 4. Bf4 O-O 5. Nf3 d6 6. e3 Nh5 7. Bg5 c6 8. Bd3 Qc7 9. h3 e5 10. O-O f5 11. Bc2 e4 12. Ne1 Be6 13. d5 Bf7 14. g4 h6 15. gxh5 hxg5 16. hxg6 Bxg6 17. Kh1 Qe7 18. Rg1 g4 19. Kh2 Be5+ 20. Kh1 Qh4 21. Rg3 Bxg3 22. fxg3 Qxh3+ 23. Kg1 Qxg3+ 24. Ng2 Nd7 25. Ne2 Qf3 26. Nef4 Kf7 27. Ne6 Qxd1+ 28. Rxd1 Rh8 29. Ngf4 c5 30. Kg2 Ne5 31. Rf1 Nxc4 32. Re1 Ne5 33. Bd1 Nf3 34. Bxf3 gxf3+ 35. Kf2 Rh2+ 36. Kg3 Rah8 37. Rb1 Kf6 38. a3 Be8 39. b4 cxb4 40. Rxb4 f2 0-1

[Event "Winnipeg TNT October op"]
[Site "Winnipeg CAN"]
[Date "2009.10.06"]
[Round "1"]
[White "Lipic, Stephen"]
[Black "Zaczek, Jonathon"]
[Result "0-1"]
[WhiteElo "1723"]
[BlackElo "2119"]
[PlyCount "66"]
[GameId "2160767910096599"]
[EventDate "2009.10.06"]
[EventType "swiss"]
[EventRounds "4"]
[EventCountry "CAN"]
[SourceTitle "EXT 2011"]
[Source "ChessBase"]
[SourceDate "2011.11.26"]
[SourceVersion "1"]
[SourceVersionDate "2011.11.26"]
[SourceQuality "1"]

1. f4 d5 2. Nf3 Nf6 3. d3 c6 4. c3 Qc7 5. Ne5 Nbd7 6. d4 Ne4 7. e3 Nxe5 8. fxe5 Bf5 9. Bd3 e6 10. O-O Be7 11. Bxe4 Bxe4 12. Nd2 Bg6 13. Qe2 c5 14. Qb5+ Qc6 15. a4 Qxb5 16. axb5 Bd3 17. Rf3 Bxb5 18. b3 Bd3 19. c4 O-O 20. Ba3 b6 21. Rc1 Rac8 22. Rc3 Be2 23. Rg3 cxd4 24. Bxe7 dxc3 25. Bf6 g6 26. Kf2 c2 27. Kxe2 c1=Q 28. h4 dxc4 29. Ne4 cxb3 30. h5 Rc2+ 31. Kf3 Qf1+ 32. Kg4 Qf5+ 33. Kh4 Qxh5# 0-1

[Event "Winnipeg TNT October op"]
[Site "Winnipeg CAN"]
[Date "2009.10.06"]
[Round "1"]
[White "Milord, Frank"]
[Black "Green, Aaron"]
[Result "0-1"]
[WhiteElo "1636"]
[BlackElo "1976"]
[PlyCount "78"]
[GameId "2160767910096600"]
[EventDate "2009.10.06"]
[EventType "swiss"]
[EventRounds "4"]
[EventCountry "CAN"]
[SourceTitle "EXT 2011"]
[Source "ChessBase"]
[SourceDate "2011.11.26"]
[SourceVersion "1"]
[SourceVersionDate "2011.11.26"]
[SourceQuality "1"]

1. e4 c5 2. Nf3 e6 3. d4 cxd4 4. Nxd4 Nc6 5. Nc3 Nf6 6. Ndb5 d6 7. Bf4 e5 8. Bg5 a6 9. Na3 Be6 10. Nc4 b5 11. Ne3 Qa5 12. Bxf6 gxf6 13. Ned5 Bxd5 14. Qxd5 Rc8 15. Qd2 Nd4 16. Bd3 h5 17. Nd5 Qxd2+ 18. Kxd2 Be7 19. a4 f5 20. exf5 Bg5+ 21. Kd1 Rc5 22. Nc3 d5 23. axb5 e4 24. Re1 O-O 25. Nxe4 dxe4 26. Rxe4 Rd8 27. f4 Bf6 28. Kc1 Nb3+ 29. Kb1 Nxa1 30. Kxa1 axb5 31. Rb4 Rd4 32. Rxd4 Bxd4 33. h3 h4 34. Ka2 Be3 35. Kb3 Bxf4 36. Kb4 Bd6 37. Kb3 Kg7 38. Be4 Kf6 39. Bd3 Kg5 0-1

[Event "Winnipeg TNT October op"]
[Site "Winnipeg CAN"]
[Date "2009.10.06"]
[Round "1"]
[White "Ott, Richard"]
[Black "Swift, Ryne"]
[Result "1-0"]
[WhiteElo "1499"]
[BlackElo "1836"]
[PlyCount "81"]
[GameId "2160767910096601"]
[EventDate "2009.10.06"]
[EventType "swiss"]
[EventRounds "4"]
[EventCountry "CAN"]
[SourceTitle "EXT 2011"]
[Source "ChessBase"]
[SourceDate "2011.11.26"]
[SourceVersion "1"]
[SourceVersionDate "2011.11.26"]
[SourceQuality "1"]

1. d4 d5 2. c4 e6 3. Nc3 c6 4. Qc2 Nf6 5. Nf3 Nbd7 6. cxd5 exd5 7. Bf4 Be7 8. e3 O-O 9. Bd3 h6 10. O-O-O b5 11. Ne2 Bb7 12. Ng3 Re8 13. Ne5 a5 14. Nf5 Bf8 15. Qe2 Nxe5 16. Bxe5 g6 17. Nh4 Bg7 18. g4 b4 19. f4 Ne4 20. Nf3 c5 21. dxc5 Nxc5 22. Bb5 Re7 23. Bxg7 Kxg7 24. Nd4 Qc8 25. Kb1 Ne4 26. Rc1 Qd8 27. h4 Ng3 28. Qf3 Nxh1 29. f5 Re4 30. fxg6 Qf6 31. Nf5+ Kh8 32. g5 Qxg6 33. Bd3 Re5 34. h5 Qxg5 35. Nd6 Qxh5 36. Nxf7+ Kg8 37. Rg1+ Rg5 38. Rxg5+ Qxg5 39. Nxg5 hxg5 40. Qxh1 Rc8 41. Qh7+ 1-0

[Event "Winnipeg TNT October op"]
[Site "Winnipeg CAN"]
[Date "2009.10.06"]
[Round "1"]
[White "Rutter, Blair"]
[Black "Czarny, Keith"]
[Result "1-0"]
[WhiteElo "1911"]
[BlackElo "1635"]
[PlyCount "49"]
[GameId "2160767910096602"]
[EventDate "2009.10.06"]
[EventType "swiss"]
[EventRounds "4"]
[EventCountry "CAN"]
[SourceTitle "EXT 2011"]
[Source "ChessBase"]
[SourceDate "2011.11.26"]
[SourceVersion "1"]
[SourceVersionDate "2011.11.26"]
[SourceQuality "1"]

1. c4 Nf6 2. g3 c6 3. Bg2 e5 4. e4 Bc5 5. Ne2 O-O 6. O-O d6 7. h3 Be6 8. d3 Qb6 9. Nbc3 Qc7 10. Kh2 Kh8 11. f4 exf4 12. Bxf4 Nh5 13. Qd2 Nd7 14. d4 Nxf4 15. Qxf4 Bb4 16. d5 Ne5 17. dxe6 Ng6 18. Qd2 fxe6 19. a3 Ba5 20. b4 Bb6 21. Nf4 Ne5 22. Nxe6 Rxf1 23. Nxc7 Rf2 24. Qxf2 Bxf2 25. Nxa8 1-0